00668nam a2200193Ia 4500999001700000082001600017100001800033100002400051100003800075245004400113260002700157300000800184700004200192700003900234700004100273700004300314942001100357952010600368 c58575d58572 aR/5BS(CS)10 aNaila Parveen aRoll No. 10BS(CS)05 aSupervisor - Ms. Mehwish Leghari  0aMedical Diagnosis Expert System (MDES). aNawabshahbQUESTc2014 a86p aSharmeen Fatima (Roll No. 10BS(CS)06) aRoheen Qamar (Roll No. 10BS(CS)04) aMehtab Khatoon (Roll No. 10BS(CS)03) aKanwal Khooso (Roll No. 10-09BS(CS)22) cTHESIS 00104070aRESEARCHbRESEARCHd2018-04-25l0oR/5BS(CS)10pBSCSP/11-105r2018-04-25 00:00:00yTHESIS